000 00317nam a22001217a 4500
020 _a0072345721
082 _222
_a549
100 _aHibbard, M J.
245 _aMineralogy : a Geologists Point of View /
260 _b Mc Graw- Hill Higher education,
_cc 2002
300 _axiv, 562p, ;
_bNA
_c24 cm.
942 _2ddc
_cCIVIL
999 _c4035
_d4035